01219nam0a22002291 4500001001100000005001700011021001900028035002600047100004100073101000800114102000700122105001800129200045300147210005200600215002600652606005000678606005700728700014500785801001800930801002200948852001900970rc\443108320250612081939.0 aRUb[67-24934] a(NLR Aleph) 008575732 a20130416d1967 |||y0rusy50 ca0 arus aRU aa z |||||1 aТаблицы "Высота и азимуты светил (ВАС-58)"eМетод. пособие по курсу "Мореходная астрономия" для студентов специальностей "Судовождение на мор. путях" и "Пром. рыболовство"fКалинингр. техн. ин-т рыбной пром-сти и хоз-ва. Кафедра промысл. судовождения aКалининградcКн. изд-воd1967 a47 с.cчерт.d20 aСудовождение морское2psbo aАзимуты (астрон.)jТаблицы2psbo 17ca8rusaИвановbФ. Г.cспециалист по судовождениюgФедор Григорьевич3RU\NLR\AUTH\770224726 0aRUbNLRgpsbo 1aRUbELAR2rusmarc aNLRj67-4/7763